|
|
|
|
| LEADER |
00000naa2a2200000 4500 |
| 001 |
508097 |
| 005 |
20231101103602.0 |
| 035 |
|
|
|a (RuTPU)RU\TPU\prd\179864
|
| 090 |
|
|
|a 508097
|
| 100 |
|
|
|a 20130531a1990 k y0rusy50 ca
|
| 101 |
0 |
|
|a rus
|
| 102 |
|
|
|a RU
|
| 200 |
1 |
|
|a Установка для исследования процесса неупругого образования нейтральных пионов с идентификацией конечного состояния ядра
|f Г. А. Науменко [и др.]
|
| 461 |
|
1 |
|0 (RuTPU)RU\TPU\prd\300
|t Приборы и техника эксперимента
|f Российская академия наук
|d 1956-
|
| 463 |
|
1 |
|0 (RuTPU)RU\TPU\prd\40320
|t № 3
|v С. 62-65
|d 1990
|
| 610 |
1 |
|
|a труды учёных ТПУ
|
| 701 |
|
1 |
|a Науменко
|b Г. А.
|c физик
|c ведущий научный сотрудник Томского политехнического университета
|f 1947-
|g Геннадий Андреевич
|2 stltpush
|3 (RuTPU)RU\TPU\pers\26566
|
| 701 |
|
1 |
|a Стибунов
|b В. Н.
|c российский физик-ядерщик
|c профессор Томского политехнического университета, доктор физико-математических наук
|f 1943-
|g Виктор Николаевич
|2 stltpush
|3 (RuTPU)RU\TPU\pers\22009
|
| 701 |
|
1 |
|a Репенко
|b Е. В.
|
| 701 |
|
1 |
|a Шувалов
|b Е. Н.
|c физик
|c инженер Томского политехнического университета, кандидат физико-математических наук
|f 1954-
|g Евгений Николаевич
|2 stltpush
|3 (RuTPU)RU\TPU\pers\31612
|
| 701 |
|
1 |
|a Ялова
|b Л. Е.
|
| 801 |
|
1 |
|a RU
|b 63413507
|c 20130531
|
| 801 |
|
2 |
|a RU
|b 63413507
|c 20160316
|g RCR
|
| 942 |
|
|
|c BK
|